Online
Catalog

Nihongi : / : (Record no. 16970)

MARC details
000 -CABECERA
campo de control de longitud fija 01089cam a2200289 4500
001 - NÚMERO DE CONTROL
campo de control 000017445
005 - FECHA Y HORA DE LA ÚLTIMA TRANSACCIÓN
campo de control 20200929165120.0
008 - DATOS DE LONGITUD FIJA--INFORMACIÓN GENERAL
campo de control de longitud fija 720619s1978 vtua 000 0deng
020 ## - NÚMERO INTERNACIONAL ESTÁNDAR DEL LIBRO
Número Internacional Estándar del Libro 0804809844
040 ## - FUENTE DE LA CATALOGACIÓN
Centro catalogador/agencia de origen DO-SdBNP
Centro/agencia transcriptor DLC
Centro/agencia modificador DLC
-- BNPHU
082 ## - NÚMERO DE LA CLASIFICACIÓN DECIMAL DEWEY
Número de clasificación 952.01
Número de documento/Ítem N691c
049 ## - FONDOS LOCALES (OCLC)
Fondos de biblioteca BNGR
130 0# - ENTRADA PRINCIPAL--TÍTULO UNIFORME
Título uniforme Nihon shoki. English.
9 (RLIN) 38139
245 10 - MENCIÓN DE TÍTULO
Título Nihongi : / :
Resto del título chronicles of Japan from the earliest times to A.D. 697. /
Mención de responsabilidad, etc. Traducción del chino original al japones W. G. Aston ; introducción de la nueva edición Terence Barrow.
250 ## - MENCIÓN DE EDICIÓN
Mención de edición 4a reimp.
260 ## - PUBLICACIÓN, DISTRIBUCIÓN, ETC.
Lugar de publicación, distribución, etc. Rutland, Vermont :
Nombre del editor, distribuidor, etc. Charles E. Tuttle Company,
Fecha de publicación, distribución, etc. 1978.
300 ## - DESCRIPCIÓN FÍSICA
Extensión 2 v. :
Otras características físicas il. ;
Dimensiones 19 cm.
490 1# - MENCIÓN DE SERIE
Mención de serie Tut books. H
500 ## - NOTA GENERAL
Nota general Incluye 2 volúmenes en 1.
500 ## - NOTA GENERAL
Nota general Incluye referencia biográfica del traductor en la contraportada.
651 #4 - PUNTO DE ACCESO ADICIONAL DE MATERIA--NOMBRE GEOGRÁFICO
Nombre geográfico Japón
Subdivisión general Historia
Subdivisión cronológica 645
9 (RLIN) 38140
650 #4 - PUNTO DE ACCESO ADICIONAL DE MATERIA--TÉRMINO DE MATERIA
Término de materia o nombre geográfico como elemento de entrada Mitología japonesa
Subdivisión cronológica 645
9 (RLIN) 38141
700 1# - PUNTO DE ACCESO ADICIONAL--NOMBRE DE PERSONA
Nombre de persona Aston, W. G.
Forma completa/desarrollada del nombre (William George),
Fechas asociadas al nombre 1841-1911,
Término indicativo de función/relación tr.
9 (RLIN) 38142
700 1# - PUNTO DE ACCESO ADICIONAL--NOMBRE DE PERSONA
Nombre de persona Barrow, Terence
9 (RLIN) 38143
830 #0 - PUNTO DE ACCESO ADICIONAL DE SERIE-TÍTULO UNIFORME
Título uniforme Tut books. H
9 (RLIN) 38144
910 ## - DATOS DE OPCIÓN DEL USUARIO (OCLC)
Datos de opción del usuario Catalogación derivada
Holdings
Estado de retiro Estado de pérdida Restricciones de uso No para préstamo Código de colección Localización permanente Ubicación/localización actual Ubicación en estantería Fecha de adquisición Número de inventario Total de préstamos Signatura topográfica completa Código de barras Fecha visto por última vez Precio válido a partir de Tipo de ítem Koha
      Excluido de préstamo Monografías: Libros y Folletos General General En catalogación 24.03.2010 LF1   952.01 N691c 17445-10 25.06.2020 25.06.2020 No se presta

Powered by Koha